| 000 | 00875nam a22002657a 4500 | ||
|---|---|---|---|
| 001 | BR2020000864 | ||
| 003 | BR-BrBNA | ||
| 005 | 20230928105606.0 | ||
| 007 | ta | ||
| 008 | 230509b bl.||||| |||| 00| 0 por d | ||
| 040 |
_aBR-BrBNA _bpor _cBiblioteca Nacional de Agricultura |
||
| 041 | _a(Por) | ||
| 072 | _aD10 | ||
| 090 | _ D10 BR2020000864 OBR | ||
| 100 | 1 | _aBastos, A.CT. | |
| 245 | 1 | _aCartas do solitário; Estudos sobre reforma administrativa; ensino religioso; africanos livres; trafico de escravos; liberdade de cabotagem; abertura do Amazonas; communicações com os Estados Unidos | |
| 260 | 3 |
_aRio de Janeiro, RJ (Brasil): _bTyp. da actualidade, _c1863. |
|
| 300 | _a396 p. | ||
| 500 | _aOBRA RARA | ||
| 650 | _aREFORMA ADMINISTRATIVA | ||
| 650 | _aPOLÍTICA PÚBLICA | ||
| 650 | _aCOMERCIO | ||
| 909 |
_a202309 _bLucia _c55 _dLucia Elande |
||
| 942 | _cBK | ||
| 999 |
_c85782 _d85782 |
||